Πρωτεύουσες του Κόσμου - Ο, Ρ, Φ, Χ - Statistics

General Stats
  • This quiz has been taken 291 times
  • The average score is 9 of 17
Answer Stats
Ο, Ρ, Φ, Χ % Correct
Όσλο
76%
Ριάντ
69%
Ρέικιαβικ
68%
Οττάβα
66%
Ραμπάτ
62%
Ρίγα
61%
Ουάσινγκτον, Π.Κ.
60%
Ρώμη
59%
Ουέλλινγκτον
58%
Χαράρε
54%
Ουλάν Μπατόρ
53%
Χαρτούμ
49%
Ουαγκαντούγκου
47%
Χονιάρα
47%
Φουναφούτι
44%
Φρίταουν
32%
Ροζό
30%
No matching quizzes found
Score Distribution
Percent of People with Each Score
Percentile by Number Answered
Your Score History
You have not taken this quiz